000 01083nmc a2200409 a 4500
003 AR-BaBNM
005 20251128204447.0
008 011101s1992 ||||||||||||||000 | spa||
020 _a950-13-6052-0
040 _cAR-BaBNM
100 1 _aVexliard, Alexandre
245 1 0 _aPedagogía comparada
_bmétodos y problemas
260 _aBuenos Aires
_bKapelusz
_c1992
300 0 _a190 p.
_bgráfs.
490 0 _aBiblioteca de cultura pedagógica
500 0 _aContiene referencias bibliográficas y anexos
650 4 _aEDUCACION COMPARADA
650 4 _aSIGLO DIECINUEVE
650 4 _aTEORIAS DE LA EDUCACION
650 4 _aANALISIS ESTADISTICO
650 4 _aDEMOCRATIZACION DE LA EDUCACION
651 4 _aURSS
651 4 _aSuecia
651 4 _aReino Unido
651 4 _aPolonia
651 4 _aItalia
651 4 _aFrancia
651 4 _aEstados Unidos
651 4 _aBélgica
651 4 _aAustria
651 4 _aAlemania
651 4 _aTurquía
653 0 _aESTADISTICAS EDUCATIVAS
653 0 _aPLANEAMIENTO EDUCATIVO
942 _cBK
998 _cRaquel
999 _c7513
_d7513